Ghi chép về tác giả và tác phẩm Phê bình, tiểu luận

Sách gồm trích đoạn những bài viết phê bình, tiểu luận, nghiên cứu, ý kiến, hồi ức... của Phan Hồng Giang đã đăng rải rác trong 30 năm . Phần I viết về các tác giả Việt Nam và tác phẩm như Đỗ Chu, Chế Lan Viên, Nguyễn Khải, Bùi Hiển, Trưo...

Cijeli opis

Spremljeno u:
Bibliografski detalji
Glavni autor: Phan Hồng Giang
Format: Knjiga
Jezik:Undetermined
Izdano: Hà Nội Văn học 1996
Teme:
Oznake: Dodaj oznaku
Bez oznaka, Budi prvi tko označuje ovaj zapis!
Thư viện lưu trữ: Trung tâm Học liệu Trường Đại học Cần Thơ
LEADER 01350nam a2200217Ia 4500
001 CTU_25169
008 210402s9999 xx 000 0 und d
020 |b 24,000đ 
082 |a 809 
082 |b Gi106 
100 |a Phan Hồng Giang 
245 0 |a Ghi chép về tác giả và tác phẩm 
245 0 |b Phê bình, tiểu luận 
245 0 |c Phan Hồng Giang 
260 |a Hà Nội 
260 |b Văn học 
260 |c 1996 
520 |a Sách gồm trích đoạn những bài viết phê bình, tiểu luận, nghiên cứu, ý kiến, hồi ức... của Phan Hồng Giang đã đăng rải rác trong 30 năm . Phần I viết về các tác giả Việt Nam và tác phẩm như Đỗ Chu, Chế Lan Viên, Nguyễn Khải, Bùi Hiển, Trường Chinh, Phạm Văn Đồng, Nguyễn Tuân... . Phần II, các tác giả nước ngoài như Lénine, Tsékhov, Sédril, Gorki, A. Tolstoyi, Gamzatov, Dmitrova, Collem McCullough... Sau cùng là phần phụ lục trích ba bài trả lời phỏng vấn của Phan Hồng Giang với Mai Linh, Yên Ba và Đoàn Minh Tuấn 
650 |a literature - history and criticism 
904 |i Minh, 980917 
980 |a Trung tâm Học liệu Trường Đại học Cần Thơ